Código de comercio : con las últimas reformas ... / por la Redacción de la Revista de los Tribunales con las últimas reformas ... / por la Redacción de la Revista de los Tribunales
Descripción Física:
799, 29 p. ; 15 cm
Otros Autores:
Revista de los Tribunales (Redacción)
MARC
| LEADER | 00000nam a2200000Ia 4500 | ||
|---|---|---|---|
| 001 | 14286 | ||
| 008 | 160829s9999 xx 000 0 cat d | ||
| 080 | |a D-2-152 | ||
| 110 | 1 | |a Espanya. |t Código de comercio (1885) |9 54038 | |
| 245 | |a Código de comercio : |b con las últimas reformas ... / por la Redacción de la Revista de los Tribunales | ||
| 250 | |a 18 ed. | ||
| 260 | |a Madrid : |b Góngora, [1930] | ||
| 300 | |a 799, 29 p. ; |c 15 cm | ||
| 490 | |a Biblioteca de bolsillo. Códigos y leyes anotados | ||
| 590 | |a Índex | ||
| 610 | 1 | 0 | |a Espanya. |t Código de comercio (1885) |9 54038 |
| 650 | |a Dret mercantil |x Legislació |x Espanya |9 26717 | ||
| 650 | |a Dret marítim |x Legislació |x Espanya |9 26718 | ||
| 700 | |a Revista de los Tribunales (Redacción) |9 28362 | ||
| 901 | |a Arxiu | ||
| 942 | |n 1 | ||
| 952 | |0 0 |1 0 |4 0 |6 D2152 |7 1 |9 45109 |a Arxiu |b Arxiu |d 2016-12-01 |l 0 |o D-2-152 |p 14286 |r 2016-12-01 00:00:00 |w 2016-12-01 |y ARXIU | ||
| 999 | |c 47729 |d 47729 | ||